|
|
|
|
| LEADER |
00689cam a2200205 a 4500 |
| 001 |
0000075208 |
| 005 |
20090205090000.0 |
| 040 |
|
|
|a mod
|
| 041 |
|
|
|a eng
|
| 020 |
0 |
0 |
|a 1560255234
|
| 090 |
0 |
0 |
|a 973.931
|b COR
|e 2003
|
| 100 |
1 |
0 |
|a Corbin
|h Jane
|
| 245 |
1 |
0 |
|a Al-Qaeda
|b in search of the terror network that threatens the world
|c Jane Corbin
|
| 260 |
0 |
0 |
|a New York
|b Thunder's Mouth Press/Nation Books
|c 2003
|
| 300 |
0 |
0 |
|a xviii, 379 p. [8] p. of plates
|b ill., maps
|c 23 cm.
|
| 650 |
0 |
0 |
|a Qaida (Organization)
|
| 650 |
0 |
0 |
|a War on terrorism, 2001-
|
| 650 |
0 |
0 |
|a September 11 Terrorist Attacks, 2001
|
| 650 |
0 |
0 |
|a Bin Laden, Osama, 1957-
|
| 999 |
|
|
|a 0238613
|b PULADA
|d BOOKS
|e Umum
|f PULADA
|j AVAILABLE
|q GOOD CONDITION
|